|
|
|
|
| LEADER |
01936nam a2200409 a 4500 |
| 001 |
EBC725894 |
| 003 |
MiAaPQ |
| 005 |
20200520144314.0 |
| 006 |
m o d | |
| 007 |
cr cn||||||||| |
| 008 |
101202s2011 nbuabc sb 001 0 eng d |
| 010 |
|
|
|z 2010046944
|
| 020 |
|
|
|z 9780803235106 (cloth : alk. paper)
|
| 020 |
|
|
|a 9780803238275 (electronic bk.)
|
| 035 |
|
|
|a (MiAaPQ)EBC725894
|
| 035 |
|
|
|a (Au-PeEL)EBL725894
|
| 035 |
|
|
|a (CaPaEBR)ebr10476203
|
| 035 |
|
|
|a (CaONFJC)MIL314645
|
| 035 |
|
|
|a (OCoLC)733040365
|
| 040 |
|
|
|a MiAaPQ
|c MiAaPQ
|d MiAaPQ
|
| 043 |
|
|
|a n-mx---
|
| 050 |
|
4 |
|a HC137.T44
|b C35 2011
|
| 082 |
0 |
4 |
|a 972/.7084
|2 22
|
| 100 |
1 |
|
|a Call, Wendy
|q (Wendy Louise),
|d 1968-
|
| 245 |
1 |
0 |
|a No word for welcome
|h [electronic resource] :
|b the Mexican village faces the global economy /
|c Wendy Call.
|
| 260 |
|
|
|a Lincoln :
|b University of Nebraska Press,
|c 2011.
|
| 300 |
|
|
|a xxviii, 319 p. :
|b ill., maps, ports.
|
| 504 |
|
|
|a Includes bibliographical references and index.
|
| 505 |
0 |
|
|a Drawing an old map -- Learning the lay of the land -- Time travel -- Ocean's mouth empties -- A village of sand -- Worshipping a wooden cross -- Isthmus defended -- We come here to name ourselves -- Peregrination -- Outpost of the poor -- Celebrate Saint Francis of the sea -- Gourd full of gold -- Redrawing the map.
|
| 533 |
|
|
|a Electronic reproduction. Ann Arbor, MI : ProQuest, 2015. Available via World Wide Web. Access may be limited to ProQuest affiliated libraries.
|
| 650 |
|
0 |
|a Economic development projects
|z Mexico
|z Tehuantepec, Isthmus of.
|
| 650 |
|
0 |
|a Indians of Mexico
|z Mexico
|z Tehuantepec, Isthmus of.
|
| 650 |
|
0 |
|a Protest movements
|z Mexico
|z Tehuantepec, Isthmus of.
|
| 650 |
|
0 |
|a Globalization
|z Mexico
|z Tehuantepec, Isthmus of.
|
| 655 |
|
4 |
|a Electronic books.
|
| 710 |
2 |
|
|a ProQuest (Firm)
|
| 856 |
4 |
0 |
|u https://ebookcentral.proquest.com/lib/matrademy/detail.action?docID=725894
|z Click to View
|